|
|
|
|
| LEADER |
00671nta a2200169 i 4500 |
| 001 |
dipl30898 |
| 005 |
20130314091341.0 |
| 008 |
110929s2007 hu om 0|| zxx d |
| 040 |
|
|
|a SZTE Diploma Repozitórium
|b hun
|
| 041 |
|
|
|a zxx
|
| 100 |
1 |
|
|a Csikós Sándorné
|
| 245 |
1 |
0 |
|a Irányított Betegellátási Rendszer az egészségért
|h [elektronikus dokumentum] /
|c Sándorné Csikós
|
| 246 |
1 |
0 |
|a Planned Medical Atterdance System for the healthy
|h [elektronikus dokumentum]
|
| 260 |
|
|
|c 2007-05-15
|
| 650 |
|
4 |
|a Jogi és igazgatási tanulmányok
|
| 700 |
1 |
|
|a Furák Ilona
|e ths
|
| 856 |
4 |
0 |
|u http://diploma.bibl.u-szeged.hu/id/eprint/30898/1/2007_csikos_sandorne.pdf
|z Dokumentum-elérés
|